00451 2200193 4500001002100000005001500021008004100036020002200077035001900099041000700118082000800125090001400133100001900147245001100166260004000177300002400217500000600241650001000247INLIS00000000000419920241224112851241224||||||||| | ||| |||| || |  a978-602-9481-25-9 0010-1224004199 aid0 a813 a813 NAD u0 aNadya Prayudhi00aU-Turn aJakartabPlotPoint Publishingc2013 avi, 240 hlm.; 19 cm a1 0aNovel